Canzoni di Fabri Fibra - Statistics

Statistiche generali
  • Questo quiz è stato fatto 22 volte
  • Il punteggio medio è 48 su 249
Statistiche sulle risposte
Album Anno Feat Risposta % Corretto
Controcultura 2010 - + -
100%
Fenomeno 2017 - Fenomeno
93%
Bugiardo 2007 Gianna Nannini In Italia
79%
Fenomeno 2017 Thegiornalisti Pamplona
79%
Mr. Simpatia 2004 - Non fare la puttana
71%
Guerra E Pace 2013 Neffa Panico
71%
Mr. Simpatia 2004 Nesli Andiamo
57%
Tradimento 10 Anni - Reloaded 2016 Gemitaiz La Pula Bussò - 2016
57%
Bugiardo 2007 - Andiamo A Sanremo
50%
Caos 2022 Lazza, Madame Caos
50%
Mentre Los Angeles Brucia 2024 Tredici Pietro Che Gusto C'è
50%
Guerra E Pace 2013 - Guerra E Pace
50%
Squallor 2015 - Il Rap Nel Mio Paese
50%
Bugiardo 2007 - La Soluzione
50%
Controcultura 2010 - Le Donne
50%
- 2011 Roofio Le Donne (Fabri Fibra Vs Roofio) [Remix]
50%
Tradimento 2006 - Mal Di Stomaco
50%
Tradimento 10 Anni - Reloaded 2016 Emis Killa Mal Di Stomaco - Takagi & Ketra Remix
50%
Mr. Simpatia 2004 - Mr. simpatia
50%
Fenomeno 2017 - Stavo Pensando A Te
50%
- 2017 Tiziano Ferro Stavo Pensando A Te
50%
Tradimento 2006 - Applausi Per Fibra
43%
Tradimento 2006 - La Pula Bussò
43%
Fenomeno (Masterchef EP) 2017 Mahmood Luna
43%
Guerra E Pace 2013 - Pronti, Partenza, Via!
43%
Controcultura 2010 - Tranne Te
43%
Squallor 2015 - Troie In Porsche
43%
Tradimento 2006 Nesli Vaffan***o scemo
43%
Tradimento 10 Anni - Reloaded 2016 Nitro Vaffan***O Scemo - Yazee Remix
43%
Mr. Simpatia 2004 - Venerdì diciassette
43%
Mentre Los Angeles Brucia 2024 - Verso Altri Lidi
43%
Controcultura 2010 - Vip In Trip
43%
Turbe Giovanili 2002 - Di Fretta
36%
Mentre Los Angeles Brucia 2024 - Figlio
36%
Tradimento 10 Anni - Reloaded 2016 - Intro
36%
Fenomeno 2017 - Intro
36%
Caos 2022 - Intro (Cielo)
36%
Bugiardo 2007 - La Posta Di Fibra - Con Skit
36%
Mr. Simpatia 2004 - L'uomo nel mirino
36%
Mentre Los Angeles Brucia 2024 Joan Thiele Milano Baby
36%
Mr. Simpatia 2004 - Momenti no
36%
Caos 2022 - Outro (Senti)
36%
Squallor 2015 Marracash Playboy
36%
Turbe Giovanili 2002 - Scattano Le Indagini
36%
Fenomeno 2017 - Skit - Il Tempo Vola
36%
Caos 2022 Maurizio Carucci Stelle
36%
Caos 2022 Neffa Sulla Giostra
36%
Mr. Simpatia 2004 - Voglio farti un regalo
36%
Chi Vuole Essere Fabri Fibra? 2009 Supa 10 Euro In Tasca - (Con Skit)
29%
Squallor 2015 - Alieno
29%
Tradimento 2006 - Che Cazzata
29%
Squallor 2015 - Come Vasco
29%
Controcultura 2010 - Controcultura
29%
Fenomeno 2017 - Cronico
29%
Caos 2022 - Demo Nello Stereo
29%
Caos 2022 Rose Villain GoodFellas
29%
Fenomeno 2017 - Lascia Stare
29%
Caos 2022 Francesca Michielin Liberi
29%
Turbe Giovanili 2002 - Luna Piena
29%
Turbe Giovanili 2002 - Mi Stai Sul Ca**o
29%
Caos 2022 Marracash Noia
29%
Caos 2022 Colapesce, Dimartino Propaganda
29%
Fenomeno 2017 - Red Carpet
29%
Mentre Los Angeles Brucia 2024 Gaia, Massimo Pericolo Salsa Piccante
29%
Turbe Giovanili 2002 - Se Non Dai Il Meglio
29%
Fenomeno 2017 Roberto Saviano Skit - Considerazioni
29%
Squallor 2015 - Squallor
29%
Guerra E Pace 2013 - A Me Di Te
21%
Guerra E Pace 2013 - Bisogna Scrivere
21%
Bugiardo 2007 - Cattiverie
21%
Caos 2022 Guè, Salmo Cocaine
21%
Tradimento 2006 - Coccole
21%
Tradimento 10 Anni - Reloaded 2016 - Coccole - PK Remix
21%
Mentre Los Angeles Brucia 2024 - Cometa
21%
Turbe Giovanili 2002 Al Castellana Come Te
21%
Tradimento 2006 - Cuore Di Latta
21%
Fenomeno (Masterchef EP) 2017 - CVDM
21%
Guerra E Pace 2013 Elisa Dagli Sbagli Si Impara
21%
Squallor 2015 Nitro, Salmo Dexter
21%
Fenomeno 2017 Laioung Dipinto Di Blu
21%
Caos 2022 - El Diablo
21%
Squallor 2015 Clementino E.U.R.O.
21%
Caos 2022 - Fumo Erba
21%
Mr. Simpatia 2004 - Gonfio cosi
21%
Tradimento 2006 Diego Mancino Idee Stupide
21%
Tradimento 10 Anni - Reloaded 2016 Claver Gold Idee Stupide
21%
Fenomeno (Masterchef EP) 2017 - Il Tempo Vola - Extended
21%
Mentre Los Angeles Brucia (Bonus) 2025 - Invidia
21%
Mentre Los Angeles Brucia 2024 - Karma Ok
21%
Bugiardo 2007 Nesli Le Ragazze
21%
Fenomeno 2017 - Le Vacanze
21%
Fenomeno (Masterchef EP) 2017 - Le Vacanze - Big Fish Remix
21%
Mentre Los Angeles Brucia 2024 - Mentre Los Angeles Brucia
21%
Caos 2022 - Nessuno
21%
Squallor 2015 Gemitaiz, Madman Non Me Ne Frega Un Cazzo
21%
Turbe Giovanili 2002 - Per Averti Qui
21%
Bugiardo 2007 - Potevi Essere Tu
21%
Mr. Simpatia 2004 - Rap in vena
21%
Mentre Los Angeles Brucia 2024 Noyz Narcos Sbang
21%
Mentre Los Angeles Brucia (Bonus) 2025 - Sinner
21%
Chi Vuole Essere Fabri Fibra? 2009 - Speak English - Con Skit
21%
Mentre Los Angeles Brucia 2024 Papa V, Nerissima Serpe Stupidi
21%
Mentre Los Angeles Brucia 2024 - Tossico
21%
Squallor 2015 - Trainspotting
21%
Tradimento (Platinum Edition) 2006 - Troppi Limiti
21%
Tradimento 2006 - Tutti Matti
21%
Tradimento 10 Anni - Reloaded 2016 - Tutti Matti - Aquadrop Remix
21%
Bugiardo 2007 Alborosie Un'Altra Chance
21%
Squallor 2015 - A Casa
14%
Caos 2022 - Amici O Nemici
14%
Squallor 2015 - Amnesia
14%
Turbe Giovanili 2002 - Bonus Track
14%
Mr. Simpatia 2004 - Bonus track
14%
Fenomeno (Masterchef EP) 2017 - Brut
14%
Tradimento (Platinum Edition) 2006 - Che Culo! Che Fica!
14%
Mentre Los Angeles Brucia 2024 - Come Finirà?
14%
Turbe Giovanili 2002 - Dalla A Alla Zeta
14%
Turbe Giovanili 2002 - Di Noi
14%
Turbe Giovanili 2002 - Dove Fuggi?
14%
Fenomeno 2017 - Equilibrio
14%
Controcultura 2010 - Escort
14%
Bugiardo 2007 - Il Più Pazzo
14%
Tradimento (Platinum Edition) 2006 - Il Tappo
14%
Tradimento 2006 - Il Triangolo Sì
14%
Tradimento 10 Anni - Reloaded 2016 - Il Triangolo Sì - Dopesquad Remix
14%
Chi Vuole Essere Fabri Fibra? 2009 Federico Zampaglione Incomprensioni
14%
- 2024 Emma, Baby Gang In Italia 2024
14%
Controcultura 2010 Dargen D'Amico Insensibile
14%
Fenomeno 2017 - Invece No
14%
Mr. Simpatia 2004 - Io non ti invidio
14%
Mentre Los Angeles Brucia (Bonus) 2025 - La Fine Del Mondo
14%
Controcultura 2010 Dj Double S La Fretta
14%
Squallor 2015 - Lamborghini / Rime Sul Beat
14%
Mentre Los Angeles Brucia 2024 Francesco Guccini L'Avvelenata (Pretesto)
14%
Fenomeno (Masterchef EP) 2017 - Meglio Me Che Te
14%
Fenomeno 2017 - Nessun Aiuto
14%
Mr. Simpatia 2004 - Non crollo
14%
Bugiardo 2007 - Non Provo Più Niente
14%
Turbe Giovanili 2002 - Nuovi Stili D'Insonnia
14%
Caos 2022 Ketama126 Pronti Al Peggio
14%
Controcultura 2010 Marracash Qualcuno Normale
14%
Bugiardo 2007 - Questo E' Il Nuovo Singolo - Album Edit
14%
Mentre Los Angeles Brucia (Bonus) 2025 Ernia Russian Roulette
14%
Squallor 2015 - Sento Le Sirene
14%
Mr. Simpatia 2004 - Solo una botta
14%
Mr. Simpatia 2004 - Tienila su
14%
Fenomeno (Masterchef EP) 2017 - Tony Hawk
14%
Controcultura 2010 Entics Troppo Famoso
14%
Bugiardo 2007 - Tu Così Bella Non Ce L'Hai - Con Skit
14%
Mentre Los Angeles Brucia 2024 - Tutti Pazzi
14%
Mentre Los Angeles Brucia 2024 - Vivo
14%
Guerra E Pace 2013 - 2031 - Intro
7%
Tradimento (Platinum Edition) 2006 - Ah Yeah Mr. Simpatia
7%
Guerra E Pace 2013 - Alta Vendita
7%
Tradimento (Platinum Edition) 2006 - A Questo Show
7%
Squallor 2015 - A Volte
7%
Caos 2022 - Brutto Figlio Di
7%
Bugiardo 2007 - Bugiardo - Con Skit
7%
Tradimento (Platinum Edition) 2006 - Capito Tutto
7%
Bugiardo 2007 Metal Carter Cento Modi Per Morire
7%
Guerra E Pace 2013 - Centoquindici
7%
Tradimento (Platinum Edition) 2006 - Che Casino
7%
Guerra E Pace 2013 Al Castellana Che Tempi
7%
Turbe Giovanili 2002 - Chi C'è
7%
Turbe Giovanili 2002 - Ci Penso Dopo
7%
Squallor 2015 - Cosa Avevi Capito?
7%
Mr. Simpatia 2004 - Da questo locale
7%
Squallor 2015 - Dio C'è
7%
Controcultura 2010 - Double Trouble
7%
Squallor 2015 Guè E Tu Ci Convivi
7%
Mr. Simpatia 2004 - Faccio sul serio
7%
Mr. Simpatia 2004 - Faccio sul serio - Radio Version
7%
Tradimento 2006 - Fai Come Noi
7%
Tradimento 10 Anni - Reloaded 2016 - Fai Come Noi - Deleterio Remix
7%
Guerra E Pace 2013 - Frank Sinatra
7%
Turbe Giovanili 2002 - Fuori Norma
7%
Tradimento (Platinum Edition) 2006 - Grandi Viaggi
7%
Turbe Giovanili 2002 - In Quanti?
7%
Guerra E Pace 2013 - La Solitudine Dei Numeri Uno
7%
Turbe Giovanili 2002 - Ma Che Persona
7%
Mentre Los Angeles Brucia 2024 - Mio Padre
7%
Fenomeno 2017 - Money For Dope 2017
7%
Tradimento (Platinum Edition) 2006 - Nella Scena
7%
Guerra E Pace 2013 - Nemico Pubblico
7%
Mr. Simpatia 2004 - Niente male
7%
Bugiardo 2007 - Non C'è Tempo
7%
Guerra E Pace 2013 - Non Correre
7%
Guerra E Pace 2013 - Non Credo Ai Media
7%
Controcultura 2010 - Non Potete Capire
7%
Tradimento 2006 - Ogni Donna
7%
Tradimento 10 Anni - Reloaded 2016 - Ogni Donna - Big Fish & Rhade Remix
7%
Squallor 2015 Lucariello Pablo Escobar / Skit Squallor
7%
Mr. Simpatia 2004 - Palle piene
7%
Fenomeno (Masterchef EP) 2017 - Pensa Per Te
7%
Turbe Giovanili 2002 Nesly Rice Personaggi Di Passaggio
7%
Bugiardo 2007 - Questa Vita
7%
Controcultura (Bonus Track Version) 2010 - Quorum
7%
Guerra E Pace 2013 - Raggi Laser
7%
Tradimento 2006 - Rap In Guerra
7%
Tradimento 10 Anni - Reloaded 2016 Jake La Furia Rap In Guerra - Don Joe Remix
7%
Fenomeno 2017 - Ringrazio
7%
Guerra E Pace 2013 - Ring Ring
7%
Squallor 2015 Youssoupha Rock That Shit
7%
Tradimento 2006 - Rompiti Il Collo
7%
Tradimento 10 Anni - Reloaded 2016 Madman Rompiti Il Collo
7%
Bugiardo 2007 - Sempre Io
7%
Tradimento 2006 - Sono Un Soldato
7%
Tradimento 10 Anni - Reloaded 2016 - Sono Un Soldato - Fuzzy Remix
7%
Mentre Los Angeles Brucia (Bonus) 2025 - Stammi Vicino
7%
Tradimento (Platinum Edition) 2006 - Strani Pensieri
7%
Tradimento 2006 - Su Le Mani
7%
Tradimento 10 Anni - Reloaded 2016 Tolu Kuti Su Le Mani
7%
Tradimento (Platinum Edition) 2006 - Tipe Come Te
7%
Tradimento 2006 - Tutti In Campana
7%
Mentre Los Angeles Brucia 2024 - Tutto Andrà Bene
7%
Guerra E Pace 2013 - Tutto In Un Giorno
7%
Guerra E Pace 2013 - Voce
7%
Squallor 2015 - Voglio Sapere
7%
Controcultura 2010 -
0%
Controcultura 2010 - 3 Parole
0%
Controcultura 2010 - 6791
0%
Chi Vuole Essere Fabri Fibra? 2009 - Alla Fine Di Tutto Questo - Con Skit
0%
Bugiardo 2007 - Arrivano
0%
Chi Vuole Essere Fabri Fibra? 2009 Daniele Vit Chi Vuole Essere Fabri Fibra - (Con Skit)
0%
- 2019 Franco126 Come Mai (Big Fish Remix)
0%
Casus Belli 2013 - Come Totti
0%
Casus Belli 2013 - Denaro Contante
0%
Chi Vuole Essere Fabri Fibra? 2009 - Donna Famosa - (Con Skit)
0%
Chi Vuole Essere Fabri Fibra? 2009 Vincenzo Da Via Anfossi Extralarge - (Con Skit)
0%
Casus Belli 2013 Nitro Felice Per Me
0%
Bugiardo 2007 - Hip Hop
0%
Casus Belli 2013 - Il Mio Amico Arnold
0%
Controcultura 2010 Simona Barbieri In Alto
0%
Chi Vuole Essere Fabri Fibra? 2009 - In Quel Posto - (Con Skit)
0%
Chi Vuole Essere Fabri Fibra? 2009 Noyz Narcos In Testa - (Con Skit)
0%
- 2012 Crookers L'Italiano Balla
0%
- 2016 - Lo Sto Facendo
0%
Casus Belli 2013 - Mani Pulite
0%
Mentre Los Angeles Brucia (Bonus) 2025 - Mille Volte
0%
Casus Belli 2013 - Nessuno Lo Dice
0%
- 2014 - Niente Di Personale
0%
- 2024 Nuova Scena Nuova Scena è Pronta
0%
Fenomeno 2017 - Ogni Giorno
0%
Casus Belli 2013 - Parole In Fumo
0%
Controcultura 2010 - Rivelazione
0%
Controcultura 2010 - Spara Al Diavolo
0%
Casus Belli 2013 - Teoria E Pratica
0%
Chi Vuole Essere Fabri Fibra? 2009 Dargen D'Amico Via Vai - (Con Skit)
0%
- 2025 Amadeus, Chef P, James Logan Zelensky (Red Bull 64 Bars)
0%
Nessun quiz corrispondente trovato
Distribuzione punteggi
Percentuale di utenti per punteggio
Percentile per numero di risposta
I tuoi punteggi nel tempo
Non hai fatto questo quiz